000 00576nam a22002057a 4500
003 OSt
005 20181008191458.0
008 141028b xxu||||| |||| 00| 0 eng d
020 _a8122415717
040 _cDNLM
082 _aQV 772 N12p 2005
100 _aNadendla, Rama Rao
_91557
245 _aPrinciples of Organic Medicinal Chemistry
260 _aNew delhi :
_bNew age international Limited, Publishers ;
_c2005.
300 _a322 p :
504 _aIncludes references and index.
650 _aMedicinal chemistry
_91558
650 _aHerbs
_95126
942 _2z
_cSLOAN
999 _c604
_d604